000 00294 a2200145 4500
001 155975
040 _cEscola São Tomás de Aquino
100 _aOKUMO, Emico
240 1 0 _aRadiação
_lpor
245 1 0 _aRadiação
300 _a69
362 0 _a2007
697 _aCIÊNCIAS
942 _cBK
999 _c155975
_d155975